Formula one drivers line-up 2002 - Statistics

General Stats
  • This quiz has been taken 84 times
  • The average score is 18 of 24
Answer Stats
Constructor Rounds Driver Nationality % Correct
Ferrari All Michael Schumacher Germany
92%
Williams All Ralf Schumacher Germany
90%
Ferrari All Rubens Barrichello Brazil
90%
McLaren All David Coulthard UK
87%
Williams All Juan Pablo Montoya Colombia
85%
McLaren All Kimi Räikkönen Finland
84%
Minardi All Mark Webber Australia
82%
Jordan All Giancarlo Fisichella Italy
80%
BAR All Jacques Villeneuve Canada
80%
Renault All Jarno Trulli Italy
80%
Renault All Jenson Button UK
79%
Toyota All Mika Salo Finland
79%
Sauber All Nick Heidfeld Germany
79%
Jordan All Takuma Sato Japan
79%
Sauber 16 Heinz-Harald Frentzen Germany
77%
Arrows 1-12 Heins-Harald Frentzen Germany
75%
Jaguar All Pedro de la Rosa Spain
75%
Sauber 1-15, 17 Felipe Massa Brazil
74%
BAR All Oliver Panis France
74%
Minardi 1-12, 15-17 Alex Yoong Malaysia
69%
Jaguar All Eddie Irvine UK
66%
Minardi 13-14 Anthony Davidson UK
61%
Toyota All Allan McNish UK
56%
Arrows 1-12 Enrique Bernoldi Brazil
51%
No matching quizzes found
Score Distribution
Percent of People with Each Score
Percentile by Number Answered
Your Score History
You have not taken this quiz